000 00640nam a2200181 a 4500
005 20220520063733.0
008 991125s1951 mx 000 0 spa u
035 _aUPN01000004243
049 _aLT
050 4 _aLB1641 M6
_bA5.3
100 1 _aAnfossi, Agustín,
_d1889-1966
_927940
245 1 0 _aApuntes de historia de México :
_bMéxico independiente y mirada retrospectiva a México colonial /
_cAgustín Anfossi.
260 _aMéxico :
_bProgreso,
_c1951.
300 _a372 p.
500 _aAjustados a los programas vigentes de secundaria y preparatoria
650 4 _aHistoria
_xEstudio y enseñanza (Secundaria)
_95248
905 _aLibro
999 _c4243
_d4243